| 000 | 00425nam a22001457a 4500 | ||
|---|---|---|---|
| 008 | 230612b |||||||| |||| 00| 0 eng d | ||
| 040 |
_aNational Science Library _cNational Science Library |
||
| 080 |
_aR 912 _bL7 |
||
| 245 |
_aGreat world atlas _c/ The Reader's Digest |
||
| 260 |
_aLondon: _bThe Reader's Digest Association, _c1977 |
||
| 300 | _a179p. | ||
| 650 | _aGeography | ||
| 653 | _aAtlas | ||
| 942 |
_2udc _cREF |
||
| 999 |
_c42376 _d42376 |
||